From Jesus Christ to Christianity : early Christian literature in context (Record no. 194225)

MARC details
000 -LEADER
fixed length control field 00330nam a2200097Ia 4500
082 ## - DEWEY DECIMAL CLASSIFICATION NUMBER
Classification number 232|GERH
008 - FIXED-LENGTH DATA ELEMENTS--GENERAL INFORMATION
fixed length control field 210817s9999 xx 000 0 und d
100 ## - MAIN ENTRY--PERSONAL NAME
Personal name Van den Heever, G. Pretoria, South Africa, ©200 1st ed
9 (RLIN) 61622
245 #0 - TITLE STATEMENT
Title From Jesus Christ to Christianity : early Christian literature in context
942 ## - ADDED ENTRY ELEMENTS
item type Books
Holdings
Withdrawn status Lost status Damaged status Not for loan Home library Current library Date acquired Cost, normal purchase price Total Checkouts Barcode Date last seen Price effective from item type
        Emthonjeni PL (MMID-PLEMA-EMTH) Emthonjeni PL (MMID-PLEMA-EMTH) 18.08.2021 520.00   3322810088711 18.08.2021 18.08.2021 Books